Revista anual de investigación y proyección social: 2023 (Registro nro. 35388)

Detalles MARC
000 -CABECERA
Longitud fija campo de control 00740nas a22001937a 4500
003 - IDENTIFICADOR DELl NÚMERO DE CONTROL
Identificador del número de control OSt
005 - FECHA Y HORA DE LA ÚLTIMA TRANSACCIÓN
Fecha y hora de la última transacción 20250307213509.0
008 - CÓDIGOS DE INFORMACIÓN DE LONGITUD FIJA
Códigos de información de longitud fija 160601b xxu||||| |||| 00| 0 eng d
022 ## - NÚMERO INTERNACIONAL NORMALIZADO PARA PUBLICACIONES SERIADAS
Número Internacional Normalizado para Publicaciones Seriadas 2220-0339 - 2225-417X
040 ## - FUENTE DE LA CATALOGACIÓN
Centro transcriptor BMC
082 ## - NÚMERO DE LA CLASIFICACIÓN DECIMAL DEWEY
Númeroo de clasificación 001.47284
245 00 - MENCIÓN DE TÍTULO
Título Revista anual de investigación y proyección social: 2023
Mención de responsabilidad, etc. Carlos Alberto Arriola Martínez, rector
260 ## - PUBLICACIÓN, DISTRIBUCIÓN, ETC. (PIE DE IMPRENTA)
Lugar de publicación, distribución, etc. Santa Tecla, La Libertad, El Salvador
Nombre del editor, distribuidor, etc. ITCA-FEPADE
Fecha de publicación, distribución, etc. 2023
300 ## - DESCRIPCIÓN FÍSICA
Extensión 69 p.
Dimensiones 28 cm
Otras características físicas il. col.
500 ## - NOTA GENERAL
Nota general Datos tomados de la cub.
505 ## - NOTA DE CONTENIDO CON FORMATO
Nota de contenido con formato Contiene: Simulador virtual con realidad aumentada.- Diseño de casa bioclimatica.- Control electronico aplicando tecnología inalámbrica.-
650 24 - PUNTO DE ACCESO ADICIONAL DE MATERIA - TÉRMINO DE MATERIA
9 (RLIN) 4874
Término de materia o nombre geográfico como elemento inicial Investigación
Subdivisión geográfica El Salvador
942 ## - ENTRADA DE ELEMENTOS AGREGADOS (KOHA)
Fuente de clasificaión o esquema Dewey Decimal Classification
Koha [por defecto] tipo de item 2- Prensa y Revistas
Existencias
Suprimido Perdido Fuente de clasificación o esquema Estropeado Restricciones de uso No para préstamo Código de colección Localización permanente Localización actual Localización en estanter&íacute;as Fecha adquisición Fuente de adquisición Número de inventario Préstamos totales Signatura completa Código de barras Fecha última consulta Fecha del precio de reemplazo Tipo de item de Koha
NULL NULL Dewey Decimal Classification NULL Prestable NULL NULL Biblioteca Miguel de Cervantes - UNICAES Biblioteca Miguel de Cervantes - UNICAES Sala Principal 16/02/2024 Donación - ITCA 001109   RVAR- 001109 1052801 16/01/2025 16/01/2025 2- Prensa y Revistas